| 000 | 00675nam a2200193 a 4500 | ||
|---|---|---|---|
| 008 | 071218s1976 ||||||||||||||||| || u | ||
| 020 | _a0713125616 | ||
| 050 | _aQK 898.P67 Ken | ||
| 100 | _aFrankland, Barry | ||
| 245 | 1 | 0 |
_aPhytochrome and plant growth _cRichard E. Kendrick; Barry Frankland |
| 260 |
_aLondon _bArnold _c1976 |
||
| 300 | _a69p.: ill. | ||
| 350 | _a0.00 | ||
| 650 | _aPLANTS | ||
| 650 | _aPlants--Photomorphogenesis | ||
| 650 | _aPHYTOCHROME | ||
| 700 | _aKendrick, Richard E | ||
| 995 |
_D0.00 _FCBU-MAIN LIBRARY (Kitwe) _H1 _I0.00 _M1 _UAVAILABLE _WDec 18, 2007 _ZAnnex Low-Usage Collection |
||
| 999 |
_c53628 _d53628 |
||